000 00222nmm a2200085Ia 4500
008 150209s2015||||xx |||||||||||||||||und||
100 _aSHARMA,RK
245 _aPRACTICAL & VIVA IN FORENSIC MEDICNE & TOXICOLOGY
942 _2ddc
_cCD
999 _c5928
_d5928